Sporcle in Many Fonts Quiz Stats

Quiz Updated Dec 11, 2016

Challenge
Share
Tweet
Score 0/42 Timer 06:00
8 Plays Today
% Correct
Google
93%
Subway
92.8%
Amazon
92.8%
Shrek
91.8%
YouTube
91.4%
Playboy
90.9%
Snickers
90.4%
IKEA
90.2%
Friends
89.8%
LEGO
89.7%
The Simpsons
89.5%
Yahoo!
89.4%
M*A*S*H
88.9%
Harry Potter
88.3%
Walt Disney
86.9%
Skype
86.1%
Pokémon
85.9%
Kraft Foods
85.7%
WALL·E
85.4%
Indiana Jones
83.3%
Twitter
79.9%
% Correct
Jeopardy!
79.4%
CNN
78.6%
ESPN
78.6%
Star Wars
78.5%
IBM
78.1%
The Twilight Saga
77.6%
Jurassic Park
77%
The Lord of the Rings
76.2%
Breaking Bad
75%
House M.D.
74.2%
Dexter
73.2%
The Sopranos
73.2%
Transformers
71.4%
Spider-Man
71%
Guitar Hero
70.3%
SEGA
70.1%
Warcraft
68.7%
MythBusters
67.3%
KISS
67.3%
TRON: Legacy
67.1%
The Matrix
62.5%

You're not logged in!

Compare scores with friends on all Sporcle quizzes.
Sign Up with Email
OR
Log In

You Might Also Like...

Show Comments

Extras

Top Quizzes Today


Score Distribution

Your Account Isn't Verified!

In order to create a playlist on Sporcle, you need to verify the email address you used during registration. Go to your Sporcle Settings to finish the process.